000 00324nam a2200121Ia 4500
008 220216s9999 xx 000 0 und d
100 _aKrishnakumar A.K.
245 0 _aHow to make Indian rubber internationally competitive?
260 _bPlanters' Chronicle
_c1998
300 _a474-475
650 _aMarketing
942 _cBS
999 _c52162
_d52162